|
|
|
|
| LEADER |
00000nab a2200000 a 4500 |
| 001 |
vtls010482063 |
| 003 |
SK-MaSNL |
| 005 |
20260305002253.0 |
| 008 |
250708c2012 xo ||||||||||||00 b|slo |
| 015 |
|
|
|a SNBRB2013/01
|
| 035 |
|
|
|a (uuid)3a0063f7-d0de-4f7c-81fa-c5f2c197d840
|
| 035 |
|
|
|a urn:nbn:sk:snk-abc7pa
|
| 035 |
|
|
|a (urnnbn)urn:nbn:sk:snk:ar-002s5k
|
| 038 |
|
|
|a SVKPOCL
|
| 040 |
|
|
|a SNKBUCL
|b slo
|c SNKBUCL
|e AACR2
|
| 041 |
0 |
|
|a slo
|
| 044 |
|
|
|a xo
|c SK
|
| 080 |
|
|
|a 811.162.4
|2 2001
|
| 080 |
|
|
|a 81'1
|2 2001
|
| 080 |
|
|
|a 81'373
|2 2001
|
| 080 |
|
|
|a 81'37
|2 2001
|
| 080 |
|
|
|a 81'373.611
|2 2001
|
| 080 |
|
|
|a 81:39
|2 2001
|
| 080 |
|
|
|a 070.447
|2 2001
|
| 100 |
1 |
|
|a Široká, Dana,
|4 aut
|9 1578009
|
| 245 |
1 |
0 |
|a Praktická lexikológia s nádychom modernej metodológie
|c Dana Široká
|
| 500 |
|
|
|a Rubrika: Recenzie
|
| 650 |
0 |
7 |
|a slovenčina
|2 svkpocl
|9 1350
|
| 650 |
0 |
7 |
|a lingvistika
|2 svkpocl
|9 860
|
| 650 |
0 |
7 |
|a lexikológia
|2 svkpocl
|9 866
|
| 650 |
0 |
7 |
|a slovná zásoba
|2 svkpocl
|9 66837
|
| 650 |
0 |
7 |
|a sémantika
|2 svkpocl
|9 22710
|
| 650 |
0 |
7 |
|a derivatológia
|2 svkpocl
|9 26927
|
| 650 |
0 |
7 |
|a etnolingvistika
|2 svkpocl
|9 20873
|
| 650 |
0 |
7 |
|a axiológia
|2 svkpocl
|9 2080
|
| 650 |
0 |
7 |
|a termíny
|2 svkpocl
|9 888327
|
| 650 |
0 |
7 |
|a polysémia
|2 svkpocl
|9 20660
|
| 655 |
|
7 |
|a recenzie
|2 svkpocl
|9 21907
|
| 773 |
0 |
|
|t Slovenská reč
|g Roč. 77, č.3-4 (2012), s.201-207
|x 0037-6981(tlačená verzia) 13338-4279 (verzia online)
|
| 787 |
0 |
8 |
|i Rec.:
|a Orgoňová, Oľga, 1962-
|t Lexikológia slovenčiny
|d Bratislava : Stimul, 2011
|z 9788081270307
|
| 787 |
0 |
8 |
|i Rec.:
|a Bohunická, Alena
|t Lexikológia slovenčiny
|d Bratislava : Stimul, 2011
|z 9788081270307
|
| 850 |
|
|
|a Slovenská národná knižnica
|
| 852 |
|
|
|a Slovenská národná knižnica
|
| 954 |
|
|
|a odborná, vedecká literatúra pôvodná (slovenská)
|2 lita
|
| 958 |
|
|
|a article15
|
| 958 |
|
|
|a SS
|
| 958 |
|
|
|a OND
|
| 958 |
|
|
|a EUIPO
|
| 999 |
|
|
|c 3224795
|d 3226725
|